Sensors and Transducers /

Contenido: Tensión y presión; Posición, dirección, distancia y movimiento; Luz y radiación; Sensores de temperatura y transductores térmicos; Sonido, infrasonido y ultrasonido; Sólidos, líquidos y gases; Sensores ambientales; Otros sensores; Interruptores.

محفوظ في:
التفاصيل البيبلوغرافية
المؤلف الرئيسي: Sinclair, Ian Robertson (autor)
التنسيق: كتاب
اللغة:الإنجليزية
منشور في: Oxford, Inglaterra : Newnes, 2001, c2001
الطبعة:3a edición
الموضوعات:
الوسوم: إضافة وسم
لا توجد وسوم, كن أول من يضع وسما على هذه التسجيلة!

MARC

LEADER 00000nam^a2200000^a^4500
001 000152722
005 20250521000000.0
009 20260310100255.318
020 |a 0-7506-4932-1 
037 |a Acervo ITESO - Biblioteca 
041 |a ING 
082 |a 621. 3815  |b SIN 
100 |a Sinclair, Ian Robertson  |e (autor) 
245 1 0 |a Sensors and Transducers /  |c I.R. Sinclair. 
250 |a 3a edición 
264 4 |a Oxford, Inglaterra :  |b Newnes,  |c 2001, c2001 
300 |a XIV, 306 p. 
336 |a texto  |b txt  |2 rdacontenido 
337 |a sin mediación  |b n  |2 rdamedio 
338 |a volumen  |b nc  |2 rdasoporte 
520 |a Contenido: Tensión y presión; Posición, dirección, distancia y movimiento; Luz y radiación; Sensores de temperatura y transductores térmicos; Sonido, infrasonido y ultrasonido; Sólidos, líquidos y gases; Sensores ambientales; Otros sensores; Interruptores. 
649 |a XX 
650 |a Sensores Térmicos 
650 |a Sensores de Movimiento 
650 |a Sensores Eléctricos 
650 |a Sensores 
650 |a Circuitos Electrónicos 
650 |a Microprocesadores 
650 |a Electrónica -  |x Equipo y Aparatos 
650 |a Procesamiento de Señales 
650 |a Luz 
650 |a Ultrasonido 
650 |a Radiación 
650 |a Temperatura 
650 |a Microelectrónica 
650 |a Electrónica -  |x Equipo y Aparatos 
650 |a Ingeniería 
910 |a Fondo General 
920 |a Impresos - Libros 
930 |a Colección General 
905 |a 101 
901 |a 0500081977  |b IT1  |c ACC  |u 20250521 
902 |a https://opac.biblio.iteso.mx/vufind/Record/000152722